=LDR 00000nam 2200000 4500 =001 INLIS000000000004716 =990 ##$$a DW00015064 =005 20200714121316 =990 ##$$a 153.218/Pro.2000 =035 ##$$a 0010-061300000004716 =990 ##$$a 153.219/Pro.2000 =008 200714################g##########0#ind## =990 ##$$a 153.220/Pro.2000 =041 ##$$a Ind =990 ##$$a 153.221/Pro.2000 =082 ##$$a 297 =990 ##$$a DW00015060 =090 ##$$a 2x6.2, Mif-s =990 ##$$a 163.323/pro.2001 =100 ##$$a Miftahuzzaman,H =990 ##$$a DW00015062 =245 1#$$a Solusi krisis islam politik atau jamaah islam /$c H. Miftahuzzaman =990 ##$$a DW00015063 =260 ##$$a Solo :$b Aneka,$c 2000 =300 ##$$a 82 hlm ; $c 21 x 15 cm =650 #4$$a Islam dan Politik =850 ##$$a NBPNMAT =084 ##$$a 297 MIF s =990 ##$$a 153.218/Pro.2000 =990 ##$$a 153.219/Pro.2000 =990 ##$$a 153.220/Pro.2000 =990 ##$$a 153.221/Pro.2000 =990 ##$$a DW00015060 =990 ##$$a DW00015061 =990 ##$$a DW00015062 =990 ##$$a DW00015063 =990 ##$$a DW00015064 =990 ##$$a 153.219/Pro.2000 =990 ##$$a 153.218/Pro.2000 =990 ##$$a 153.220/Pro.2000 =990 ##$$a 153.221/Pro.2000 =990 ##$$a DW00015060 =990 ##$$a DW00015061 =990 ##$$a DW00015062 =990 ##$$a DW00015063 =990 ##$$a DW00015064 =990 ##$$a 163.323/pro.2001 =990 ##$$a 153.218/Pro.2000 =990 ##$$a 153.219/Pro.2000 =990 ##$$a 153.220/Pro.2000 =990 ##$$a 153.221/Pro.2000 =990 ##$$a DW00015060 =990 ##$$a DW00015062 =990 ##$$a DW00015063 =990 ##$$a DW00015064